| 000 | 00413nam a2200157Ia 4500 | ||
|---|---|---|---|
| 008 | 250916s9999 xx 000 0 und d | ||
| 020 | _a978-1-292-44440-6 | ||
| 082 | _a332.6 HAL | ||
| 100 | _aHale, Tim | ||
| 245 | 0 |
_aSmarter investing: _bsimpler decisions for better results |
|
| 250 | _a4th | ||
| 260 |
_aSingapor: _bPearson education, _c2023 |
||
| 300 | _a362 p. | ||
| 600 | _aSocial Sciences | ||
| 942 | _cBK | ||
| 999 |
_c31563 _d31563 |
||